|
|
|
|
| LEADER |
00000cam a2200000 7i4500 |
| 001 |
0000035598 |
| 005 |
20130510.0 |
| 008 |
130510 |
| 020 |
|
|
|a 9675573224
|
| 090 |
0 |
0 |
|a 899.231
|b ISH
|
| 100 |
0 |
|
|a Ishak Hamzah
|
| 245 |
1 |
0 |
|a Nota untuk ibu :
|b kumpulan 111 puisi kanak-kanak
|c Ishak Hamzah
|
| 260 |
|
|
|a KL :
|b Casa Delima Sdn. Bhd ,
|c [s.n]
|
| 650 |
|
0 |
|a Children's poetry, Malay
|
| 999 |
|
|
|a 0001166806
|b Book
|c Adult Collection
|e Cawangan Pontian
|
| 999 |
|
|
|a 0001166807
|b Book
|c Adult Collection
|e Cawangan Taman Sri Lambak
|
| 999 |
|
|
|a 0001166811
|b Book
|c Adult Collection
|e Cawangan Bukit Gambir
|
| 999 |
|
|
|a 0001166812
|b Book
|c Adult Collection
|e Cawangan Bandar Penawar
|
| 999 |
|
|
|a 0001166813
|b Book
|c Children Collection
|e Cawangan Segamat
|
| 999 |
|
|
|a 0001166814
|b Book
|c Adult Collection
|e Cawangan Tmn. Ungku Tun Aminah
|